Cuando callan los fusiles

Detalles Bibliográficos
Autor principal: Nasi, Carlo
Formato: eBook
Lenguaje:español
Publicado: Bogot:̀ Universidad de Los Andes (Colombia), 2007
Materias:
Acceso en línea:Acceso restringido

MARC

LEADER 00000nam a22000007a 4500
005 20190708155728.0
007 cr|||| |||
008 190708s2007 co |||||s|||| 00||0 spa d
020 |a 978-958-45-0451-7 
035 |a 23831 
040 |a vLex 
090 |c 9006  |d 9006 
100 1 |a Nasi, Carlo 
245 1 0 |a Cuando callan los fusiles  |h [Recurso electrn̤ico] /  |c Carlo Nasi 
256 |a Servicio en ln̕ea 
260 |a Bogot:̀  |b Universidad de Los Andes (Colombia),  |c 2007 
300 |a 1 recurso electrn̤ico 
506 1 |a Disponible solo en los productos indicados  |d vLex Global  |d vLex Global (Academic Edition, excluding Law Schools)  |d vLex Global (U.S. Academic Edition, Law Schools)  |d vLex Global (U.S. Academic Edition, excluding Law Schools)  |d vLex Global (Academic Edition, Law Schools) 
650 0 4 |a Derecho Internacional  |z Colombia 
740 0 |a vLex Libros (Servicio en ln̕ea) 
856 4 0 |u http://vlex.com/source/callan-fusiles-23831  |z Acceso restringido 
942 |c BOOK 
999 0 |a International right